01879cam a2200457 i 4500001001200000003000600012005001700018008004100035035002100076035002300097040004500120100002800165245018400193260005500377300002600432336002700458337005400485338002800539380001400567500006500581504001200646530005300658648002600711648002600737650003600763650005200799650005200851650005100903650005100954651002301005651002201028655003501050658003401085658001301119658002801132710005601160856004201216942001501258999001701273952013101290xx003444891NUKAT20260422192024.0150528s1923 pl 2 |001 0 pol c a(OCoLC)899803477 a(NUKAT)xx003444891 aWA U/76AUcWA U/AUsdWA U/76DPdTOR U/WS1 aSchmidt, Wacław.9289810aGeneza prywatnej rosyjskiej własności ziemskiej w b. gubernjach wileńskiej, grodzeńskiej i mińskiej (1793-1875) :bz dodatkiem skorowidza majątków /cWacław Schmidt. aWarszawa :bGłówny Urząd Statystyczny,c1923. a[6], 104 s. ;c24 cm. aTekstbtxt2rdacontent aBez urządzenia pośredniczącegobn2rdamedia aWoluminbnc2rdacarrier aArtykuły aOdb.: Miesięcznik Statystyczny. R. 1922, t. 5, z. 11 i 12. aIndeks. aDostępne również w postaci elektronicznej. 7a1701-18002DBN936035 7a1801-19002DBN936037 7aWłasność rolna2DBN936165 4aWłasność rolnazPolskay18 w.2kaba912790 4aWłasność rolnazPolskay19 w.2kaba912791 7aWłasność rolnazRosjay18 w.2kaba940413 7aWłasność rolnazRosjay19 w.2kaba940414 7aPolska2DBN935076 7aRosja2DBN936145 7aNadbitki i odbitki2DBN938727 aGospodarka, ekonomia, finanse aHistoria aRolnictwo i leśnictwo1 aPolska.bGłówny Urząd Statystyczny.4pbl9825541uhttp://kpbc.umk.pl/publication/216841 2ddccBK_NM c27729d27729 00102ddc40708PBKHaBIPbPBKHd2026-04-22eK-69/1965fKi16397l0o16397pIPWK16653r2026-04-22 19:23:02w2026-04-22yBK_NM